El grutesco

Guardat en:
Dades bibliogràfiques
Autor principal: Chastel, André (Autor)
Format: Llibre
Idioma:espanyol
Publicat: Madrid Akal S. A 2000
Edició:1a. ed
Col·lecció:Los Caprichos, 1
Matèries:
Etiquetes: Afegir etiqueta
Sense etiquetes, Sigues el primer a etiquetar aquest registre!

MARC

LEADER 00000cam a2200000 a 4500
001 UCE0652
003 CL-VaPUC
008 140227e20000000sp |||||||||||||||||spa|d
020 |a 8446010526 
082 0 4 |a 709.024  |b CHA  |2 21 
100 0 |a Chastel, André  |e author  |9 573021 
245 1 3 |a El grutesco 
250 |a 1a. ed 
300 |a 95 p 
942 |c BK 
945 |d 20140227 11:27:00  |a dcastane 
260 |a Madrid  |b Akal S. A  |c 2000 
650 0 |a Arte renacentista   |9 264949 
650 0 |a Pintura renacentista  |9 266314 
650 0 |a Artes visuales  |9 336870 
650 0 |a Historia del arte  |9 314877 
583 |a last modification  |c 20140227 11:27:00  |k Rodrigo Vera 
490 0 |a Los Caprichos, 1 
999 |c 354714  |d 354712 
952 |0 0  |1 0  |2 ddc  |3 erb  |4 0  |6 709_024000000000000_CHA_2000  |7 0  |8 A  |9 460861  |a BIBART  |b BIBART  |i 5057159  |l 1  |o 709.024 CHA 2000  |p 5057159  |r 2025-03-13  |s 2023-08-01  |w 2019-11-23  |y BK  |z Catalogado en:20140227  |k ART